| 000 | 00995nam a2200253Ia 4500 | ||
|---|---|---|---|
| 003 | OSt | ||
| 005 | 20221005113209.0 | ||
| 006 | a|||||r|||| 00| 0 | ||
| 007 | ta | ||
| 008 | 221004b |||||||| |||| 00| 0 pan d | ||
| 020 | _c195 | ||
| 024 | _a117633 | ||
| 037 |
_b660, 22/03/2012, H.K. Prakashan _cTextual |
||
| 040 |
_aCRL _cCRL _bpan |
||
| 041 |
_2pan _apan |
||
| 082 | _aO153,3N28,KM:g, 153P2;P3 | ||
| 100 |
_aਧਾਲੀਵਾਲ, ਬਲਦੇਵ ਸਿੰਘ, ਥਦ। _9166281 |
||
| 245 | 0 |
_aਕਾਖ਼ਰ ਮਸੀਹਾ _b ਬਿਰਤਾਂਤ ਚੇਤਨਾ ਅਤੇ ਇਤਿਹਾਸਕ ਸੰਦਰਭ |
|
| 260 |
_aਪਟਿਆਲਾ _b21 ਸਲ਼ਚੂਰੀ ਭਾਰਤ _c2003 |
||
| 300 |
_a144ਪੰ _ccm. |
||
| 650 | _aਪੰਜਾਬੀ ਸਾਹਿਤ | ||
| 942 |
_hO153,3N28,KM:g, 153P2;P3 _cTEXL _2cc |
||
| 999 |
_c1027362 _d1027362 |
||